000
00223nam a2200097Ia 4500
008
220204s9999 xx 000 0 und d
082
_a
82-3
_b
WIL
100
_a
Willingham, Calder
245
0
_a
Geraldine Bradshaw
942
_c
BK
999
_c
29338
_d
29338